ARRUPE JESUIT UNIVERSITY

CORONAVIRUS -STOP THE SPREAD - CLEAN,DISINFECT,COVER
Normal view MARC view

Entry Uniform Title

Number of records used in: 1

001 - CONTROL NUMBER

  • control field: 4090

003 - CONTROL NUMBER IDENTIFIER

  • control field: ARRUPE

005 - DATE AND TIME OF LATEST TRANSACTION

  • control field: 20131126173928.0

008 - FIXED-LENGTH DATA ELEMENTS

  • fixed length control field: 131126|| aca||aabn | a|a d

040 ## - CATALOGING SOURCE

  • Original cataloging agency: ARRUPE
  • Transcribing agency: ARRUPE

130 ## - HEADING--UNIFORM TITLE

  • Uniform title: Lux mundi.

670 ## - SOURCE DATA FOUND

  • Source citation: Work cat.: (ARRUPE)0: Mundi, Lux 4089, The Religion of the Incarnation :, 1989.

 

Arrupe Library. PO Box MP320 Mt Pleasant, Harare, Zimbabwe
263 242 745411|librarian@aju.ac.zw